Procházky pana Pipa /

Hrdinou obrázkové knížky, jež vtipně poetizuje život a úkazy v přírodě, je střapatý človíček, který se drobnými činy snaží vylepšovat svět a zkrášlovat ho úsměvem.

Hlavní autor: Holý, Stanislav, 1943-1998
Další autoři: Mikula, Jiří, 1926-2004, Cigánek, Jan, 1930-2004
Jazyk: Čeština
Vydáno: Praha : Albatros, 1978
Vydání: 1. vyd.
Externí odkaz: Digitalizovaný dokument
Fyzický popis: [80] s. : barev. il. ; 22 cm
Knihy
Uloženo v:
LEADER 01590nam a22003612a 4500
001 000437762
003 CZ BrMZK
005 20210601120309.0
007 ta
008 020702s1978 xr a f |||| 0 cze d
015 |a cnb000421316 
020 |q (Váz.) :  |c Kčs 39,00 
035 |a (OCoLC)13813093 
040 |a ABA001  |b cze  |c BOA001  |d ABA001  |d BOA001 
080 9 |a 741.5:885-93 
100 1 |a Holý, Stanislav,  |d 1943-1998  |7 jk01041874  |4 aut  |4 ill 
245 1 0 |a Procházky pana Pipa /  |c Stanislav Holý ; vstupní slovo Jiřího Mikuly ; doslov Jan Cigánek 
250 |a 1. vyd. 
260 |a Praha :  |b Albatros,  |c 1978 
300 |a [80] s. :  |b barev. il. ;  |c 22 cm 
500 |a Barev il. tit. list a předsádky 
500 |a Popsáno podle dotisku 1978, rok původního vyd. neuveden 
500 |a 25000 výt. 
520 |a Hrdinou obrázkové knížky, jež vtipně poetizuje život a úkazy v přírodě, je střapatý človíček, který se drobnými činy snaží vylepšovat svět a zkrášlovat ho úsměvem. 
521 8 |a Pro děti od 5 let 
700 1 |a Mikula, Jiří,  |d 1926-2004  |7 jk01081609  |4 wfw 
700 1 |a Cigánek, Jan,  |d 1930-2004  |7 jk01020670  |4 waw 
856 4 1 |u http://www.digitalniknihovna.cz/mzk/uuid/uuid:d26ed410-a3ba-11e3-b833-005056827e52  |y Digitalizovaný dokument  |x NDK 
910 |a BOA001  |b PK-0086.182  |b 2-0804.880 
920 |a 000326901 
990 |a BK 
996 6 |b 2619864193  |c 2-0804.880  |l MZK  |r Sklad / do 1 hodiny  |n 0  |w 000437762  |u 000020  |a 1  |e BOA001  |j MZK50  |s P 
996 7 |b 3119831971  |c PK-0086.182  |l MZK  |r Sklad / do 1 hodiny  |n 4  |w 000437762  |u 000010  |a 1  |e BOA001  |j MZK50  |s A